|
|
|
|
| LEADER |
01084nam a2200265 a 4500 |
| 001 |
31996 |
| 003 |
BD-DhAAL |
| 005 |
20171109125241.0 |
| 008 |
171105r20162014bg |||||b||| 00| 0 ben d |
| 999 |
|
|
|c 38520
|d 38520
|
| 020 |
|
|
|a 97898490065944
|
| 040 |
|
|
|a BD-DhAAL
|
| 041 |
|
|
|a BEN
|
| 050 |
|
|
|a 327.2092
|
| 100 |
|
|
|a চৌধুরী, ফারুক
|9 23435
|
| 245 |
|
|
|a জীবনের বালুকাবেলায় /
|c ফারুক চৌধুরী
|
| 250 |
|
|
|a চতুর্থ প্রকাশ
|
| 260 |
|
|
|a ঢাকা :
|b প্রথমা,
|c ২০১৬
|
| 300 |
|
|
|a ৫২৭ পৃষ্ঠা ;
|c ২২ সে. মি.
|
| 526 |
|
|
|a AAL
|
| 541 |
|
|
|e 31996
|a Complementary copy from Faruque Chowdhury
|
| 650 |
|
|
|a Diplomats
|x Biography.
|z Bangladesh
|9 23436
|
| 650 |
|
|
|a Politics and government
|z Bangladesh
|9 23438
|
| 942 |
|
|
|2 ddc
|c BK
|
| 952 |
|
|
|0 0
|1 0
|2 ddc
|4 0
|6 327_209200000000000_CHO
|7 0
|9 61760
|a BRACUL
|b BRACUL
|c GEN
|d 2017-11-05
|e Complementary copy from Faruque Chowdhury
|g 750.00
|l 0
|o 327.2092 CHO
|p 3010031996
|r 2017-11-05
|t 1
|v 750.00
|w 2017-11-05
|y BK
|